[Event "Titled Tuesday intern op 7th July"]
[Site "Chess.com INT"]
[Date "2020.07.07"]
[Round "7"]
[White "Berdnyk, Mariia"]
[Black "Nygren, Kim"]
[Result "1-0"]
[WhiteElo "2324"]
[BlackElo "2232"]
[PlyCount "155"]
[EventDate "2020.07.07"]
[EventType "swiss (blitz)"]
[EventRounds "10"]
[EventCountry "USA"]
[SourceTitle "CBM 197 Extra"]
[Source "ChessBase"]
[SourceDate "2020.09.30"]
[SourceVersion "1"]
[SourceVersionDate "2020.09.30"]
[SourceQuality "1"]

1. c4 Nf6 2. Nc3 e5 3. g3 b5 4. Bg2 c6 5. cxb5 d5 6. d4 e4 7. bxc6 Nxc6 8. Bg5 Bb4 9. Rc1 Qa5 10. a3 Be7 11. Nh3 0-0 12. 0-0 Be6 13. Nf4 Rad8 14. f3 Nxd4 15. b4 Qb6 16. Na4 Qa6 17. Qxd4 Qxa4 18. Nxe6 fxe6 19. Rc7 Bd6 20. Rxa7 Qc2 21. Bxf6 Rxf6 22. fxe4 Rdf8 23. Rxf6 gxf6 24. Bf3 Be5 25. Qb6 Qc1+ 26. Kg2 Qc8 27. Qb7 Qxb7 28. Rxb7 d4 29. a4 Ra8 30. a5 Kf8 31. Bg4 f5 32. exf5 exf5 33. Bxf5 h5 34. Rh7 Rb8 35. Rxh5 Rxb4 36. Be6 Bf6 37. Rf5 Ke7 38. Bd5 Rb5 39. Be4 Rb2 40. Kf3 Rb3+ 41. Kg4 Re3 42. Bf3 Ra3 43. Rb5 Ra4 44. Rb7+ Kd6 45. Rb6+ Ke5 46. Rb5+ Kd6 47. Kf5 Bd8 48. g4 Ke7 49. Re5+ Kf7 50. h4 Bc7 51. Rc5 Bd6 52. Rb5 d3 53. exd3 Rf4+ 54. Kg5 Rd4 55. Rf5+ Ke7 56. h5 Rxd3 57. Be4 Rh3 58. Bd5 Bb4 59. Rf7+ Kd6 60. Bc4 Bc3 61. Kg6 Rg3 62. g5 Rg4 63. Bb3 Bd2 64. Rf5 Bc3 65. h6 Rg3 66. h7 Bh8 67. Bf7 Ke7 68. Bd5 Rh3 69. Rf7+ Kd6 70. Rf8 Be5 71. Bf7 Rh4 72. a6 Ke7 73. Re8+ Kd6 74. a7 Ra4 75. a8Q Rxa8 76. Rxa8 Ke7 77. h8Q Bg7 78. Qg8 1-0

[Event "Titled Tuesday intern op 7th July"]
[Site "Chess.com INT"]
[Date "2020.07.07"]
[Round "6"]
[White "Melian, Juan Sebastian"]
[Black "Nygren, Kim"]
[Result "0-1"]
[WhiteElo "1950"]
[BlackElo "2232"]
[PlyCount "48"]
[EventDate "2020.07.07"]
[EventType "swiss (blitz)"]
[EventRounds "10"]
[EventCountry "USA"]
[SourceTitle "CBM 197 Extra"]
[Source "ChessBase"]
[SourceDate "2020.09.30"]
[SourceVersion "1"]
[SourceVersionDate "2020.09.30"]
[SourceQuality "1"]

1. d4 d5 2. Nf3 Nf6 3. c3 c6 4. Bg5 Nbd7 5. e3 Ne4 6. Bf4 h6 7. Nbd2 g5 8. Bg3 Nxg3 9. hxg3 Bg7 10. Bd3 Nf6 11. e4 dxe4 12. Nxe4 Nxe4 13. Bxe4 Be6 14. Qe2 Qc7 15. 0-0 Bg4 16. Qd3 0-0-0 17. Bf5+ Bxf5 18. Qxf5+ e6 19. Qe4 Kb8 20. a4 Bf6 21. Rfe1 h5 22. Ne5 h4 23. gxh4 Rxh4 24. a5 Rxe4 0-1

[Event "Titled Tuesday intern op 7th July"]
[Site "Chess.com INT"]
[Date "2020.07.07"]
[Round "4"]
[White "Rodrigue Lemieux, Shawn"]
[Black "Nygren, Kim"]
[Result "1-0"]
[WhiteElo "2276"]
[BlackElo "2232"]
[PlyCount "47"]
[EventDate "2020.07.07"]
[EventType "swiss (blitz)"]
[EventRounds "10"]
[EventCountry "USA"]
[SourceTitle "CBM 197 Extra"]
[Source "ChessBase"]
[SourceDate "2020.09.30"]
[SourceVersion "1"]
[SourceVersionDate "2020.09.30"]
[SourceQuality "1"]

1. c4 Nf6 2. g3 g6 3. Bg2 Bg7 4. Nc3 0-0 5. e4 e5 6. Nge2 d6 7. 0-0 c5 8. d3 Nc6 9. Nd5 Be6 10. Bg5 Bxd5 11. cxd5 Ne7 12. Qd2 Nd7 13. Rab1 f6 14. Bh6 f5 15. Bxg7 Kxg7 16. f4 fxe4 17. dxe4 Qb6 18. Kh1 Rae8 19. b4 Qc7 20. Qb2 b6 21. fxe5 Nxe5 22. Nf4 Kg8 23. Ne6 Rxf1+ 24. Rxf1 1-0